000 00736nam a22001937a 4500
003 0
005 20250626114038.0
008 231018b xxu||||| |||| 00| 0 eng d
050 _aPHS QR 84.7
_b.G33 2023
100 _aGabriel, Chrizel Anne T.
245 _aInvestigating bifidobacteria adolescentis and bifidobacteria longum as alternative source of novel B-galactosidase
_cChrizel Anne T. Gabriel
260 _aLas Pinas City
_bSouthville International School and Colleges
_c2023
300 _a61 pages ;
_c30 cm.
504 _aIncludes bibliographical references.
650 _aMicrobial biotechnology.
650 _aProbiotic microorganisms
_vBiotechnology.
650 _aBacteria
_vEnzymatic properties.
942 _2lcc
_cPASS
999 _c365535
_d365535